000 01292nam a2200337 i 4500
003 EG-GICUC
005 20260121101222.0
008 251115s1970 fr db||fr|||| 001 0 fre d
040 _aEG-GiCUC
_bfre
_cEG-GiCUC
_dEG-GiCUC
_eRda
041 0 _afre
082 0 4 _221
_a338.9
_bYO . D
092 0 4 _221
099 _aLaw1 13 338.9 YO . D 1970
100 1 _aYondo, Marcel
_eAuteur
245 1 0 _aDimension Nationale Et Développement Économique :
_b(Théorie - Application Dans L'udeac).
_nTome VII /
_cMarcel Yondo,El Hadj Ahmadou Ahidjo, Guy Caire.
264 _aParis :
_bLibrairie Générale De Droit Et De Jurisprudence,
_c1970
300 _a251 page :
_billustration ; des cartes, des tableaux et des graphiques ;
_c 24 cm.
336 _2rda contenu
_a texte
337 _2rda medias
_aOrdinateur
338 _2 transporteur rda
_a Ressource en ligne
490 _aBibliotheque Africaine Et Malgache
504 _aBibliography: pages 231-238 et index.
546 _aTexte en français
650 1 4 _aFinances publiques et législation fiscale
_2qrmak
651 1 _2qrmak
700 1 _aAhidjo, El Hadj Ahmadou
_ePrésident
700 1 _aCaire, Guy
_ePrésident
856 4 0 _uhttps://fll.law.cu.edu.eg/fulltext/bks/B13-07585.pdf
905 _a70
942 _2ddc
_cBK
_e21
_n0
999 _c43299
_d43299